[Event "Catalunya-chT Final A+B"]
[Site "Barcelona"]
[Date "2020.03.07"]
[Round "8.10"]
[White "Cuadras Avellana, Jordi"]
[Black "Ayas Fernandez, Antonio"]
[Result "1-0"]
[WhiteElo "2220"]
[BlackElo "2228"]
[PlyCount "120"]
[EventDate "2020.03.07"]
[EventType "team-tourn"]
[EventRounds "11"]
[EventCountry "ESP"]
[SourceTitle "EXT 2023"]
[Source "ChessBase"]
[SourceDate "2022.10.05"]
[SourceVersion "1"]
[SourceVersionDate "2022.10.05"]
[SourceQuality "1"]
[WhiteTeam "Barcelona Escacs CC"]
[BlackTeam "Colon Sabadell"]
[WhiteTeamCountry "ESP"]
[BlackTeamCountry "ESP"]

1. e4 e6 2. d4 d5 3. e5 c5 4. c3 Nc6 5. Nf3 Qb6 6. a3 Nh6 7. b4 cxd4 8. cxd4 Nf5 9. Bb2 Bd7 10. Be2 Be7 11. 0-0 h5 12. Kh1 g5 13. Nc3 g4 14. Na4 gxf3 15. Nxb6 fxe2 16. Qxe2 axb6 17. Rfd1 Na7 18. Rac1 Ba4 19. Rg1 Kd7 20. Qd2 Rac8 21. Rxc8 Rxc8 22. Rc1 Rg8 23. Qe2 Rh8 24. g3 Nc6 25. Qd3 b5 26. Rf1 Bd8 27. Rc1 Bb6 28. Rc5 Bxc5 29. dxc5 Nce7 30. Kg2 Kc6 31. h3 Ng6 32. Kf1 Rh7 33. Ke1 Rg7 34. Kd2 Nf8 35. Qf3 Rh7 36. Qf4 Ng6 37. Qg5 Kd7 38. Kc1 Ke8 39. Qd2 Rh8 40. Qc3 Kf8 41. Qf3 Kg7 42. Bc3 d4 43. Bd2 Nxe5 44. Qxb7 Nd3+ 45. Kb1 Nxf2 46. Qg2 Nd1 47. Qe4 Nc3+ 48. Bxc3 dxc3 49. Qe5+ Kh7 50. Qxc3 Rd8 51. c6 Rd1+ 52. Kb2 Rf1 53. Qc5 Nxg3 54. c7 Ne4 55. Qxh5+ Kg7 56. Qg4+ Kf6 57. Qxe4 Rf2+ 58. Kc1 Rf1+ 59. Kd2 Rd1+ 60. Ke2 Rd6 1-0

[Event "Catalunya-chT Gp2"]
[Site "Barcelona"]
[Date "2020.02.08"]
[Round "4.8"]
[White "Cuadras Avellana, Jordi"]
[Black "Barbero Sendic, Alejandro"]
[Result "0-1"]
[WhiteElo "2220"]
[BlackElo "2308"]
[PlyCount "100"]
[EventDate "2020.01.18"]
[EventType "team-tourn"]
[EventRounds "7"]
[EventCountry "ESP"]
[SourceTitle "CBM 194 Extra"]
[Source "ChessBase"]
[SourceDate "2020.03.31"]
[SourceVersion "1"]
[SourceVersionDate "2020.03.31"]
[SourceQuality "1"]
[WhiteTeam "Barcelona Escacs CC"]
[BlackTeam "Barcelona Escola Escacs"]
[WhiteTeamCountry "ESP"]
[BlackTeamCountry "ESP"]

1. c4 e6 2. Nc3 d5 3. d4 c5 4. cxd5 exd5 5. Nf3 Nf6 6. Bg5 Be6 7. e3 c4 8. Be2 Be7 9. 0-0 0-0 10. b3 Bb4 11. Na4 b5 12. Nc5 Nbd7 13. Nxd7 Qxd7 14. Ne5 Qc7 15. Bf4 Bd6 16. Qc2 Rfc8 17. Bf3 Nd7 18. bxc4 bxc4 19. Qc3 Nb6 20. e4 f6 21. Rad1 Rd8 22. Bg3 fxe5 23. dxe5 Bc5 24. exd5 Nxd5 25. Qc1 Rac8 26. Be4 Nb4 27. Kh1 Rxd1 28. Rxd1 Rd8 29. Rf1 Nd3 30. Qc2 Qf7 31. f4 g6 32. h3 Nxe5 33. Qe2 Nd3 34. Bh4 Rd7 35. Qf3 Bd5 36. f5 Bxe4 37. Qxe4 Rd4 38. Qa8+ Bf8 39. Bg5 Rd5 40. g4 Rb5 41. Bh6 Qb7+ 42. Qxb7 Rxb7 43. Bd2 Rb2 44. Bc3 Rf2 45. Rb1 Rc2 46. Bd4 gxf5 47. gxf5 Rc1+ 48. Rxc1 Nxc1 49. a4 a6 50. Kg2 Na2 0-1

[Event "Barcelona Electrica Baleares Spring"]
[Site "Barcelona"]
[Date "2019.02.22"]
[Round "2"]
[White "Cuadras Avellana, Jordi"]
[Black "Jimenez Ruano, Adrian"]
[Result "0-1"]
[WhiteElo "2245"]
[BlackElo "2287"]
[PlyCount "188"]
[EventDate "2019.02.15"]
[EventType "tourn"]
[EventRounds "9"]
[EventCountry "ESP"]
[EventCategory "3"]
[SourceTitle "CBM 190 Extra"]
[Source "ChessBase"]
[SourceDate "2019.07.15"]
[SourceVersion "1"]
[SourceVersionDate "2019.07.15"]
[SourceQuality "1"]

1. c4 c5 2. g3 Nc6 3. Nc3 g6 4. Bg2 Bg7 5. e3 e6 6. Nge2 Nge7 7. d4 cxd4 8. exd4 d5 9. cxd5 Nxd5 10. Nxd5 exd5 11. Be3 0-0 12. Qd2 Re8 13. 0-0 Bf5 14. Rac1 Be4 15. Nc3 Bxg2 16. Kxg2 Qd7 17. b3 Rac8 18. Na4 Qg4 19. f3 Qe6 20. Bf2 Qf6 21. Rcd1 Re7 22. Rfe1 Rce8 23. Rxe7 Rxe7 24. Nc3 Qf5 25. g4 Qd7 26. Qg5 Nb4 27. a3 h6 28. Qd2 Nc6 29. b4 Re6 30. Qa2 Ne7 31. b5 f5 32. gxf5 gxf5 33. Kh1 Kf8 34. a4 Qd6 35. Qd2 Qb4 36. Rg1 Rg6 37. Re1 Bf6 38. Be3 Kg7 39. Bf4 Kf7 40. Be3 Bh4 41. Rc1 Qd6 42. Ne2 Bg5 43. Nf4 Rg8 44. Nd3 b6 45. Ne5+ Kf6 46. f4 Bh4 47. Bf2 Bxf2 48. Qxf2 Kg7 49. Qh4 Kh7 50. Qh3 Qe6 51. Re1 Rg4 52. Qe3 Rg7 53. Rc1 Qd6 54. Qc3 Qf6 55. Qe1 Qd6 56. Qe3 Qb4 57. Nd7 Qd6 58. Ne5 Qb4 59. Nc6 Qb2 60. Rg1 Rxg1+ 61. Kxg1 Qb1+ 62. Kg2 Nxc6 63. bxc6 Qc2+ 64. Kf3 Qxc6 65. Qe7+ Kg6 66. Qxa7 Qc3+ 67. Kg2 Qd2+ 68. Kf3 Qxd4 69. Qc7 Qe4+ 70. Kf2 Qd4+ 71. Kf3 Qd1+ 72. Kf2 Qxa4 73. Qxb6+ Kh5 74. Qe3 Qc2+ 75. Kg1 Qe4 76. Qh3+ Kg6 77. Qg3+ Kh7 78. Qh4 Qb1+ 79. Kg2 Qc2+ 80. Kf1 Qd3+ 81. Kf2 Kg6 82. Qd8 Qd4+ 83. Kg2 Qxf4 84. Qxd5 Qe4+ 85. Qxe4 fxe4 86. Kf2 Kf5 87. Ke3 Ke5 88. Ke2 Kf4 89. Kf2 h5 90. Ke2 h4 91. Kf2 e3+ 92. Kg2 Ke4 93. Kf1 Kf3 94. Ke1 Kg2 0-1

[Event "Barcelona Electrica Baleares Spring"]
[Site "Barcelona"]
[Date "2019.02.15"]
[Round "1"]
[White "Cuadras Avellana, Jordi"]
[Black "Gonzalez Rodriguez, Raul Omar"]
[Result "1/2-1/2"]
[WhiteElo "2245"]
[BlackElo "2170"]
[PlyCount "108"]
[EventDate "2019.02.15"]
[EventType "tourn"]
[EventRounds "9"]
[EventCountry "ESP"]
[EventCategory "3"]
[SourceTitle "CBM 190 Extra"]
[Source "ChessBase"]
[SourceDate "2019.07.15"]
[SourceVersion "1"]
[SourceVersionDate "2019.07.15"]
[SourceQuality "1"]

1. e4 c5 2. Nf3 d6 3. d4 cxd4 4. Nxd4 Nf6 5. Nc3 a6 6. Be2 e5 7. Nb3 h6 8. 0-0 Be7 9. a4 0-0 10. f4 Nc6 11. f5 Nb4 12. a5 b5 13. Be3 Bb7 14. Bb6 Qd7 15. Bf3 Rfc8 16. Rf2 Rc6 17. Qe1 Rac8 18. Rd1 Qe8 19. Rdd2 Rc4 20. Rfe2 Nxc2 21. Rxc2 b4 22. Nd2 R4c6 23. Ndb1 bxc3 24. Nxc3 Rc4 25. Rcd2 Bf8 26. Re3 Nd7 27. Nd5 Bxd5 28. Rxd5 Nxb6 29. axb6 Qc6 30. Rc3 Qxb6+ 31. Qf2 Qb4 32. h4 Rxc3 33. bxc3 Rxc3 34. f6 Rc1+ 35. Kh2 Qe1 36. Qxe1 Rxe1 37. fxg7 Kxg7 38. Ra5 f5 39. Ra4 d5 40. exf5 e4 41. Bg4 Bd6+ 42. g3 Re3 43. Rxa6 Bxg3+ 44. Kg2 Bxh4 45. Bh5 Bg5 46. Rg6+ Kf8 47. Rd6 Rd3 48. f6 Bxf6 49. Rxf6+ Ke7 50. Rxh6 Ra3 51. Be2 Ra2 52. Kf2 Kd7 53. Ke3 d4+ 54. Kxe4 Rxe2+ 1/2-1/2

[Event "Barcelona Christmas IM"]
[Site "Barcelona"]
[Date "2019.01.05"]
[Round "9"]
[White "Cuadras Avellana, Jordi"]
[Black "Vasquez Schroder, Rodrigo Rafael"]
[Result "0-1"]
[WhiteElo "2245"]
[BlackElo "2495"]
[PlyCount "120"]
[EventDate "2018.12.27"]
[EventType "tourn"]
[EventRounds "9"]
[EventCountry "ESP"]
[EventCategory "3"]
[SourceTitle "CBM 188 Extra"]
[Source "ChessBase"]
[SourceDate "2019.02.26"]
[SourceVersion "1"]
[SourceVersionDate "2019.02.26"]
[SourceQuality "1"]

1. e4 e5 2. Nf3 Nc6 3. Bc4 Bc5 4. d3 Nf6 5. c3 a6 6. Bb3 Ba7 7. 0-0 d6 8. Be3 0-0 9. Bxa7 Rxa7 10. Re1 Na5 11. Bc2 c5 12. Nbd2 b5 13. Nf1 Nc6 14. Ng3 g6 15. h3 Kg7 16. Qd2 h6 17. Rad1 Qe7 18. d4 Rd8 19. Qe3 Rc7 20. Rd2 Re8 21. dxc5 dxc5 22. Red1 Na5 23. b3 Nb7 24. Bd3 Rd7 25. Bf1 Rxd2 26. Rxd2 Qc7 27. Rb2 Nd6 28. Nd2 Bb7 29. f3 Nd7 30. a4 Nf8 31. axb5 axb5 32. Ne2 Ra8 33. Rb1 Ne6 34. Nc1 Ra3 35. Nd3 Ne8 36. Qe1 Ra8 37. Ra1 Rd8 38. Ra2 Nf6 39. Qe3 h5 40. h4 Nd7 41. g3 Ndf8 42. f4 exf4 43. Nxf4 Bc6 44. Bg2 Nxf4 45. gxf4 Ne6 46. f5 Nf4 47. f6+ Kg8 48. e5 g5 49. Bf1 Qd7 50. Qg3 Kh7 51. hxg5 Qf5 52. g6+ Nxg6 53. Bh3 Qxe5 54. Qxe5 Nxe5 55. Bf5+ Kh8 56. Ne4 Rg8+ 57. Kf1 Bxe4 58. Bxe4 Rg4 59. Bc2 Rf4+ 60. Kg2 Rxf6 0-1

[Event "Barcelona Christmas IM"]
[Site "Barcelona"]
[Date "2019.01.04"]
[Round "8"]
[White "Valenzuela Gomez, Fernando Alberto"]
[Black "Cuadras Avellana, Jordi"]
[Result "1-0"]
[WhiteElo "2388"]
[BlackElo "2245"]
[PlyCount "107"]
[EventDate "2018.12.27"]
[EventType "tourn"]
[EventRounds "9"]
[EventCountry "ESP"]
[EventCategory "3"]
[SourceTitle "CBM 188 Extra"]
[Source "ChessBase"]
[SourceDate "2019.02.26"]
[SourceVersion "1"]
[SourceVersionDate "2019.02.26"]
[SourceQuality "1"]

1. d4 Nf6 2. c4 e6 3. g3 d5 4. Nf3 Be7 5. Bg2 0-0 6. Nc3 Nbd7 7. 0-0 c6 8. Nd2 Nb6 9. c5 Nbd7 10. b4 e5 11. e3 Re8 12. b5 exd4 13. exd4 Nf8 14. bxc6 bxc6 15. Qa4 Bd7 16. Rb1 Qc8 17. Nb3 Bd8 18. Bf4 Ne6 19. Be5 Ng4 20. Bd6 Ng5 21. Rfe1 Rxe1+ 22. Rxe1 Nf6 23. Bf4 Ne6 24. Be5 h5 25. Nd2 h4 26. Nf3 hxg3 27. hxg3 Ng4 28. Bh3 Nf8 29. Bd6 Bf6 30. Bf1 Bf5 31. Be7 Ng6 32. Bxf6 gxf6 33. Qd1 Kg7 34. Bd3 Rb8 35. Qc2 Bxd3 36. Qxd3 Qh8 37. Rb1 Re8 38. Kg2 Qh5 39. Rg1 Rh8 40. Kf1 Qh3+ 41. Rg2 Re8 42. Ne2 Re4 43. Kg1 Qh6 44. Nd2 Re8 45. Nf3 Rb8 46. Nh4 Qh5 47. Nf5+ Kf8 48. f4 Qh8 49. Nc3 Qh3 50. Qd2 Re8 51. Re2 Re6 52. Qb2 Rxe2 53. Qxe2 Kg8 54. Qxg4 1-0

[Event "Barcelona Christmas IM"]
[Site "Barcelona"]
[Date "2019.01.02"]
[Round "6"]
[White "Perez Mitjans, Orelvis"]
[Black "Cuadras Avellana, Jordi"]
[Result "1-0"]
[WhiteElo "2396"]
[BlackElo "2245"]
[PlyCount "63"]
[EventDate "2018.12.27"]
[EventType "tourn"]
[EventRounds "9"]
[EventCountry "ESP"]
[EventCategory "3"]
[SourceTitle "CBM 188 Extra"]
[Source "ChessBase"]
[SourceDate "2019.02.26"]
[SourceVersion "1"]
[SourceVersionDate "2019.02.26"]
[SourceQuality "1"]

1. e4 c5 2. Nf3 e6 3. g3 Nc6 4. Bg2 d6 5. d4 cxd4 6. Nxd4 a6 7. 0-0 Bd7 8. Nc3 Nf6 9. a4 Be7 10. Nb3 Rc8 11. a5 0-0 12. f4 Be8 13. Be3 Nd7 14. Na4 Qc7 15. Qe2 Nc5 16. Naxc5 dxc5 17. Rfd1 Nd4 18. Nxd4 cxd4 19. Bxd4 Qxc2 20. Qe3 Bc5 21. Rac1 Bxd4 22. Qxd4 Qxc1 23. Rxc1 Rxc1+ 24. Kf2 Bb5 25. g4 Rfc8 26. g5 R1c4 27. Qe5 Rc2+ 28. Kg3 Be2 29. f5 exf5 30. exf5 Bh5 31. Bxb7 R2c5 32. Qd6 1-0

[Event "Barcelona Christmas IM"]
[Site "Barcelona"]
[Date "2018.12.31"]
[Round "5"]
[White "Cuadras Avellana, Jordi"]
[Black "Ayats Llobera, Gerard"]
[Result "1-0"]
[WhiteElo "2245"]
[BlackElo "2395"]
[PlyCount "175"]
[EventDate "2018.12.27"]
[EventType "tourn"]
[EventRounds "9"]
[EventCountry "ESP"]
[EventCategory "3"]
[SourceTitle "CBM 188 Extra"]
[Source "ChessBase"]
[SourceDate "2019.02.26"]
[SourceVersion "1"]
[SourceVersionDate "2019.02.26"]
[SourceQuality "1"]

1. d4 Nf6 2. Bf4 g6 3. Nc3 c5 4. d5 Qb6 5. Rb1 d6 6. Nf3 Bg7 7. Qd2 Qa5 8. e4 a6 9. a4 0-0 10. e5 dxe5 11. Nxe5 Nbd7 12. Nc4 Qb4 13. Ra1 Nb6 14. Nxb6 Qxb6 15. Ra2 e6 16. a5 Qb4 17. Be2 exd5 18. 0-0 d4 19. Na4 Qxd2 20. Bxd2 Be6 21. b3 Ne4 22. Be1 Rac8 23. Nb6 Rcd8 24. Bd3 Nc3 25. Ra1 Bf5 26. Bd2 Bxd3 27. cxd3 Ne2+ 28. Kh1 Rfe8 29. g3 Re6 30. Kg2 Rde8 31. Rfe1 f5 32. Kf3 h6 33. h4 Kf7 34. Nd7 Bf8 35. Nxf8 Kxf8 36. Bxh6+ Kf7 37. Bd2 Re5 38. Ra2 R8e7 39. Rc2 R7e6 40. Rc4 Kg8 41. b4 cxb4 42. Rxb4 Nc3 43. Rxe5 Rxe5 44. Rxd4 Nd5 45. Rc4 Kf7 46. Rc5 Ke6 47. Rc8 Ne7 48. Rc7 Rb5 49. Be3 Nc6 50. Bb6 Nxa5 51. Bxa5 Rxa5 52. Rxb7 Ra2 53. Rb6+ Kf7 54. Ke3 a5 55. f3 a4 56. Ra6 a3 57. Kf4 Kg7 58. Kg5 Rg2 59. Rxg6+ Kf7 60. Ra6 Rxg3+ 61. Kf4 Rh3 62. Rxa3 Rxh4+ 63. Kxf5 Rh5+ 64. Ke4 Rh1 65. d4 Ke6 66. Ra6+ Ke7 67. f4 Rh5 68. d5 Rh1 69. Ke5 Re1+ 70. Kf5 Rd1 71. d6+ Kf7 72. Ra7+ Ke8 73. Ke6 Re1+ 74. Kf6 Rd1 75. d7+ Kd8 76. f5 Rg1 77. Kf7 Rf1 78. Ra8+ Kxd7 79. f6 Rf2 80. Ra1 Rd2 81. Kf8 Rf2 82. f7 Kd8 83. Rd1+ Kc7 84. Rd4 Rg2 85. Ke7 Re2+ 86. Kf6 Rf2+ 87. Ke6 Re2+ 88. Kf5 1-0

[Event "Barcelona CC IM"]
[Site "Barcelona"]
[Date "2018.11.22"]
[Round "7"]
[White "Jimenez Ruano, Adrian"]
[Black "Cuadras Avellana, Jordi"]
[Result "1-0"]
[WhiteElo "2238"]
[BlackElo "2245"]
[PlyCount "129"]
[EventDate "2018.10.11"]
[EventType "tourn"]
[EventRounds "9"]
[EventCountry "ESP"]
[EventCategory "2"]
[SourceTitle "CBM 187 Extra"]
[Source "ChessBase"]
[SourceDate "2018.11.04"]
[SourceVersion "1"]
[SourceVersionDate "2018.11.04"]
[SourceQuality "1"]

1. d4 Nf6 2. c4 e6 3. Nc3 Bb4 4. e3 0-0 5. Bd3 d5 6. cxd5 exd5 7. Nge2 Re8 8. Bd2 Bf8 9. 0-0 b6 10. f3 c5 11. Qe1 Ba6 12. Bxa6 Nxa6 13. Nd1 Nc7 14. Nf2 Nb5 15. Qd1 Nd6 16. Qb3 Nc4 17. Bc1 Rc8 18. Qd3 Qe7 19. Nd1 g6 20. b3 Nd6 21. Ng3 h5 22. Re1 cxd4 23. Qxd4 Bg7 24. Bb2 Red8 25. Qd3 Qe6 26. Ne2 Qf5 27. Qa6 Rc7 28. Nd4 Qc8 29. Qd3 Nd7 30. Nc3 Nc5 31. Qd2 Ne8 32. Rac1 a6 33. Nce2 Ne6 34. Nxe6 Qxe6 35. Rxc7 Nxc7 36. Bxg7 Kxg7 37. Qc3+ Kg8 38. Qxc7 Qxe3+ 39. Kf1 Re8 40. Qc3 Qg5 41. Ng3 Rd8 42. Qe3 Qf6 43. Qe7 Kg7 44. Qxf6+ Kxf6 45. Ke2 Ke5 46. Kd3+ Kd6 47. Ne2 Re8 48. Rc1 Kd7 49. Nd4 a5 50. Nb5 Kd8 51. Kd2 h4 52. Rc6 h3 53. g3 Re5 54. Rxb6 Rf5 55. Nd4 Rg5 56. g4 Kd7 57. Rb7+ Ke8 58. Rb5 Kd7 59. Rxa5 Kd6 60. Ra6+ Kd7 61. Ra4 Re5 62. Ne2 Re8 63. Nf4 Kd6 64. Ra6+ Ke5 65. Nd3+ 1-0

[Event "Barcelona CC IM"]
[Site "Barcelona"]
[Date "2018.11.15"]
[Round "6"]
[White "Cuadras Avellana, Jordi"]
[Black "Valenzuela Gomez, Fernando Alberto"]
[Result "1-0"]
[WhiteElo "2245"]
[BlackElo "2388"]
[PlyCount "79"]
[EventDate "2018.10.11"]
[EventType "tourn"]
[EventRounds "9"]
[EventCountry "ESP"]
[EventCategory "2"]
[SourceTitle "CBM 187 Extra"]
[Source "ChessBase"]
[SourceDate "2018.11.04"]
[SourceVersion "1"]
[SourceVersionDate "2018.11.04"]
[SourceQuality "1"]

1. e4 c5 2. Nf3 d6 3. d4 cxd4 4. Nxd4 Nf6 5. Nc3 a6 6. Be2 e5 7. Nf3 Qc7 8. Bg5 Nbd7 9. a4 b6 10. Nd2 Bb7 11. Bf3 h6 12. Bxf6 Nxf6 13. Nf1 Rc8 14. Ne3 Be7 15. 0-0 0-0 16. Qe2 Qc5 17. Rfd1 Rfd8 18. g3 Qb4 19. Ra3 Bf8 20. Rb3 Qc5 21. Ncd5 Nxd5 22. Nxd5 b5 23. axb5 Qxc2 24. Qxc2 Rxc2 25. Nb4 Rc4 26. bxa6 Ba8 27. Nd5 Ra4 28. Rb6 Rc8 29. Nc3 Ra5 30. Bg4 Rc4 31. Be2 Rd4 32. Rxd4 exd4 33. Nd5 f5 34. f3 fxe4 35. fxe4 Kf7 36. Kf2 Bxd5 37. exd5 Be7 38. Rb7 Kf6 39. Kf3 Rxd5 40. Rb5 1-0

[Event "Barcelona CC IM"]
[Site "Barcelona"]
[Date "2018.11.08"]
[Round "5"]
[White "Cuadras Avellana, Jordi"]
[Black "Cruz Estrada, Filemon"]
[Result "1/2-1/2"]
[WhiteElo "2245"]
[BlackElo "2289"]
[PlyCount "24"]
[EventDate "2018.10.11"]
[EventType "tourn"]
[EventRounds "9"]
[EventCountry "ESP"]
[EventCategory "2"]
[SourceTitle "CBM 187 Extra"]
[Source "ChessBase"]
[SourceDate "2018.11.04"]
[SourceVersion "1"]
[SourceVersionDate "2018.11.04"]
[SourceQuality "1"]

1. d4 Nf6 2. c4 e6 3. Nf3 b6 4. g3 Bb7 5. Bg2 Be7 6. Nc3 Ne4 7. Bd2 Bf6 8. 0-0 0-0 9. Rc1 d6 10. Nxe4 Bxe4 11. Bc3 c5 12. dxc5 dxc5 1/2-1/2

[Event "Barcelona CC IM"]
[Site "Barcelona"]
[Date "2018.10.28"]
[Round "4"]
[White "Ayats Llobera, Gerard"]
[Black "Cuadras Avellana, Jordi"]
[Result "1-0"]
[WhiteElo "2399"]
[BlackElo "2245"]
[PlyCount "111"]
[EventDate "2018.10.11"]
[EventType "tourn"]
[EventRounds "9"]
[EventCountry "ESP"]
[EventCategory "2"]
[SourceTitle "CBM 187 Extra"]
[Source "ChessBase"]
[SourceDate "2018.11.04"]
[SourceVersion "1"]
[SourceVersionDate "2018.11.04"]
[SourceQuality "1"]

1. e4 e5 2. Nf3 Nc6 3. Bb5 Bb4 4. c3 Ba5 5. Na3 Bb6 6. 0-0 Nge7 7. Nc4 d6 8. a4 a6 9. Nxb6 cxb6 10. Bc4 0-0 11. h3 h6 12. d4 exd4 13. Nxd4 d5 14. exd5 Nxd5 15. Re1 Qd6 16. Qh5 Nxd4 17. cxd4 Be6 18. Bxh6 gxh6 19. Re5 Ne7 20. Qxh6 Qxe5 21. dxe5 Bxc4 22. Qh4 Ng6 23. Qxc4 Nxe5 24. Qd4 Rfe8 25. Qxb6 Re7 26. Rd1 Kg7 27. Rd8 Rxd8 28. Qxd8 Nc6 29. Qd2 f6 30. h4 Ne5 31. Qd5 Rd7 32. Qe6 Rc7 33. b4 Ng6 34. h5 Ne5 35. Qf5 Rc1+ 36. Kh2 Rc6 37. f4 Nf7 38. Qg6+ Kf8 39. h6 f5 40. Qg7+ Ke7 41. h7 Ke6 42. Qxf7+ Kxf7 43. h8Q Kg6 44. Qg8+ Kf6 45. Qg5+ Ke6 46. Qg6+ Kd5 47. Qxf5+ Kc4 48. b5 Rc5 49. Qe4+ Kc3 50. Qxb7 axb5 51. Qxb5 Rc4 52. Qxc4+ Kxc4 53. f5 Kb4 54. f6 Kxa4 55. f7 Kb4 56. f8Q+ 1-0

[Event "Barcelona CC IM"]
[Site "Barcelona"]
[Date "2018.10.11"]
[Round "1"]
[White "Cuadras Avellana, Jordi"]
[Black "Villar Reymundo, Juan Antonio"]
[Result "1-0"]
[WhiteElo "2245"]
[BlackElo "2198"]
[PlyCount "31"]
[EventDate "2018.10.11"]
[EventType "tourn"]
[EventRounds "9"]
[EventCountry "ESP"]
[EventCategory "2"]
[SourceTitle "CBM 187 Extra"]
[Source "ChessBase"]
[SourceDate "2018.11.04"]
[SourceVersion "1"]
[SourceVersionDate "2018.11.04"]
[SourceQuality "1"]

1. c4 e5 2. Nc3 Nf6 3. Nf3 Nc6 4. e4 Bc5 5. Nxe5 Nxe5 6. d4 Bd6 7. c5 Ng6 8. cxd6 cxd6 9. h4 h6 10. h5 Ne7 11. Bf4 Nc6 12. Bxd6 Qb6 13. e5 Nxd4 14. Na4 Qa5+ 15. b4 Qd5 16. Nc3 1-0

[Event "Andorra op 36th"]
[Site "Escaldes"]
[Date "2018.07.28"]
[Round "8"]
[White "Nayhebaver, Martin"]
[Black "Cuadras Avellana, Jordi"]
[Result "1-0"]
[WhiteElo "2478"]
[BlackElo "2240"]
[PlyCount "91"]
[EventDate "2018.07.21"]
[EventType "swiss"]
[EventRounds "9"]
[EventCountry "AND"]
[SourceTitle "CBM 185 Extra"]
[Source "ChessBase"]
[SourceDate "2018.07.29"]
[SourceVersion "1"]
[SourceVersionDate "2018.07.29"]
[SourceQuality "1"]

1. e4 c5 2. Nf3 e6 3. d4 cxd4 4. Nxd4 a6 5. Bd3 Ne7 6. 0-0 Nbc6 7. Nb3 Ng6 8. Be3 Be7 9. a4 0-0 10. a5 d6 11. N1d2 e5 12. Nc4 Be6 13. Nb6 Rb8 14. Bc4 Bxc4 15. Nxc4 Re8 16. Bb6 Qd7 17. Nc5 Qc8 18. Nxd6 Bxd6 19. Qxd6 Nd4 20. f3 Ne6 21. Nd7 Ra8 22. c3 Nef4 23. g3 Nh3+ 24. Kg2 Ng5 25. h4 Ne6 26. Rad1 Nxh4+ 27. gxh4 Nf4+ 28. Kh1 Re6 29. Qc7 Qe8 30. Nc5 Rh6 31. Rf2 g5 32. Rd8 Rxd8 33. Qxd8 Qxd8 34. Bxd8 gxh4 35. Bg5 Rc6 36. Bxf4 Rxc5 37. Bh6 f6 38. Rg2+ Kf7 39. Rg7+ Ke6 40. Rxb7 Rxa5 41. Be3 Ra1+ 42. Kg2 h5 43. Bc5 f5 44. Rb6+ Kf7 45. exf5 a5 46. Bf2 1-0

[Event "Andorra op 36th"]
[Site "Escaldes"]
[Date "2018.07.26"]
[Round "6"]
[White "Beshukov, Sergei"]
[Black "Cuadras Avellana, Jordi"]
[Result "1-0"]
[WhiteElo "2417"]
[BlackElo "2240"]
[PlyCount "109"]
[EventDate "2018.07.21"]
[EventType "swiss"]
[EventRounds "9"]
[EventCountry "AND"]
[SourceTitle "CBM 185 Extra"]
[Source "ChessBase"]
[SourceDate "2018.07.29"]
[SourceVersion "1"]
[SourceVersionDate "2018.07.29"]
[SourceQuality "1"]

1. e4 c6 2. d4 d5 3. Nd2 dxe4 4. Nxe4 Nd7 5. Nf3 Ndf6 6. Nxf6+ Nxf6 7. g3 Bf5 8. Bg2 e6 9. 0-0 Be7 10. c3 0-0 11. Re1 h6 12. a4 a5 13. Qb3 Qc8 14. Ne5 Nd7 15. Nc4 Bd3 16. Bf4 Bxc4 17. Qxc4 Nb6 18. Qe2 Nd5 19. Bd2 Nf6 20. Rad1 Re8 21. Bc1 Qc7 22. h4 Rad8 23. Qf3 Nh7 24. Bf1 c5 25. Bb5 Rf8 26. Bf4 Bd6 27. Bxd6 Rxd6 28. dxc5 Qxc5 29. Rxd6 Qxd6 30. Rd1 Qe5 31. Qxb7 g5 32. Qe7 Kg7 33. Qd6 Qf6 34. Qd4 e5 35. Qd6 Qf5 36. Re1 e4 37. Bd7 Qf3 38. Re3 Qh5 39. g4 Qxh4 40. Kg2 Nf6 41. Rh3 Qxh3+ 42. Kxh3 Rd8 43. Qe5 Rxd7 44. c4 Rd2 45. Kg3 Rd1 46. Kg2 Rc1 47. c5 Rc4 48. b3 Rc1 49. Qd4 Kg6 50. Qd6 Rc2 51. Kf1 h5 52. gxh5+ Kf5 53. h6 Ng4 54. h7 Rxf2+ 55. Ke1 1-0

[Event "Andorra op 36th"]
[Site "Escaldes"]
[Date "2018.07.22"]
[Round "2"]
[White "Shabalov, Alexander"]
[Black "Cuadras Avellana, Jordi"]
[Result "1-0"]
[WhiteElo "2567"]
[BlackElo "2240"]
[PlyCount "47"]
[EventDate "2018.07.21"]
[EventType "swiss"]
[EventRounds "9"]
[EventCountry "AND"]
[SourceTitle "CBM 185 Extra"]
[Source "ChessBase"]
[SourceDate "2018.07.29"]
[SourceVersion "1"]
[SourceVersionDate "2018.07.29"]
[SourceQuality "1"]

1. e4 c5 2. Nf3 e6 3. d4 cxd4 4. Nxd4 Nc6 5. Nc3 a6 6. Be3 Nf6 7. Bd3 d6 8. 0-0 Be7 9. f4 Bd7 10. Kh1 0-0 11. Qf3 Qa5 12. Qg3 Nxd4 13. Bxd4 Bc6 14. a3 Rad8 15. Rae1 b5 16. Nd5 exd5 17. exd5 Nh5 18. Qf3 Nf6 19. Rxe7 Bxd5 20. Qg3 Kh8 21. Bxf6 gxf6 22. Qh3 Bxg2+ 23. Qxg2 Rg8 24. Qe4 1-0

[Event "Sitges Sunway op 4th"]
[Site "Sitges"]
[Date "2017.12.15"]
[Round "1"]
[White "Motylev, Alexander"]
[Black "Cuadras Avellana, Jordi"]
[Result "1-0"]
[WhiteElo "2675"]
[BlackElo "2263"]
[PlyCount "97"]
[EventDate "2017.12.15"]
[EventType "swiss"]
[EventRounds "9"]
[EventCountry "ESP"]
[SourceTitle "CBM 182 Extra"]
[Source "ChessBase"]
[SourceDate "2018.02.23"]
[SourceVersion "1"]
[SourceVersionDate "2018.02.23"]
[SourceQuality "1"]

1. e4 c5 2. Nf3 e6 3. d4 cxd4 4. Nxd4 Nc6 5. Nc3 Qc7 6. Be3 a6 7. a3 Nf6 8. f4 d6 9. Qf3 Bd7 10. 0-0-0 Rc8 11. g4 Nxd4 12. Rxd4 d5 13. exd5 Nxd5 14. Rxd5 exd5 15. Bd3 Bc5 16. Nxd5 Qd6 17. Rd1 Kf8 18. f5 Bc6 19. Be4 Bxe3+ 20. Nxe3 Bxe4 21. Qxe4 Qe7 22. Qf4 h5 23. g5 h4 24. Kb1 Re8 25. Nd5 Qe2 26. Qd6+ Kg8 27. Nf4 Qg4 28. Qd7 Rf8 29. Ng6 Kh7 30. Nxh8 Kxh8 31. Qd6 Rg8 32. Qd5 Qxg5 33. Qxf7 Rd8 34. Re1 Kh7 35. Re6 Qg2 36. Qh5+ Kg8 37. Qxh4 Rd1+ 38. Ka2 Qd5+ 39. c4 Qxf5 40. Re8+ Kf7 41. Re4 Kg8 42. Qe7 Qf7 43. Qc5 Rd7 44. Qc8+ Kh7 45. Rh4+ Kg6 46. Qh8 Kg5 47. Re4 Qf3 48. Re5+ Kf6 49. Qf8+ 1-0

[Event "Miquel Mas op-A 18th"]
[Site "Castell de Sant Ferran"]
[Date "2017.08.15"]
[Round "7"]
[White "Guix Torres, David"]
[Black "Cuadras Avellana, Jordi"]
[Result "1-0"]
[WhiteElo "2040"]
[BlackElo "2282"]
[PlyCount "65"]
[EventDate "2017.08.10"]
[EventType "swiss"]
[EventRounds "9"]
[EventCountry "ESP"]
[SourceTitle "CBM 180 Extra"]
[Source "ChessBase"]
[SourceDate "2017.10.06"]
[SourceVersion "1"]
[SourceVersionDate "2017.10.06"]
[SourceQuality "1"]

1. e4 c5 2. Nf3 Nc6 3. d4 cxd4 4. Nxd4 e6 5. Nc3 Qc7 6. g3 a6 7. Bg2 Nf6 8. 0-0 d6 9. Be3 Be7 10. a4 Bd7 11. Nb3 Ne5 12. Kh1 Nc4 13. Bc1 h5 14. h3 g5 15. Bxg5 Nxb2 16. Qf3 Ng4 17. Bxe7 Kxe7 18. Nd4 Ne5 19. Nf5+ Kf8 20. Qe3 exf5 21. Nd5 Qd8 22. Qd4 fxe4 23. Qxb2 Bc6 24. Bxe4 Qd7 25. Kh2 f5 26. f4 Nf7 27. Nb6 Qe7 28. Bxc6 h4 29. Rae1 hxg3+ 30. Kg1 Qh4 31. Bg2 Rd8 32. Nd5 Rh6 33. Qxb7 1-0